Normal view
MARC view
- Design and analysis of experiments
Entry Topical Term
001 - CONTROL NUMBER
- control field: 127120
003 - CONTROL NUMBER IDENTIFIER
- control field: NUST
005 - DATE AND TIME OF LATEST TRANSACTION
- control field: 20241213103819.0
008 - FIXED-LENGTH DATA ELEMENTS
- fixed length control field: 241213|| aca||aabn | a|a d
040 ## - CATALOGING SOURCE
- Original cataloging agency: NUST
- Transcribing agency: NUST
150 ## - HEADING--TOPICAL TERM
- Topical term or geographic name entry element: Design and analysis of experiments
670 ## - SOURCE DATA FOUND
- Source citation: Work cat.: (NUST): Douglas C. Montgomery 124972, Design and analysis of experiments , 1997.
